[Event "Golden Cleopatra op 6th"]
[Site "Cairo"]
[Date "2002.04.12"]
[Round "6"]
[White "Elmahdy, Atef"]
[Black "Kobese, Watu"]
[Result "1-0"]
[WhiteElo "2126"]
[BlackElo "2412"]
[PlyCount "87"]
[EventDate "2002.04.07"]
[EventType "swiss"]
[EventRounds "11"]
[EventCountry "EGY"]
[SourceTitle "CBM 087 Extra"]
[Source "ChessBase"]
[SourceDate "2002.05.03"]
[SourceVersion "2"]
[SourceVersionDate "2002.08.09"]
[SourceQuality "1"]

1. c4 Nf6 2. b3 e6 3. Bb2 Be7 4. Nf3 0-0 5. e3 d5 6. cxd5 exd5 7. Be2 a5 8. 0-0 a4 9. d4 axb3 10. Qxb3 Nc6 11. Nbd2 Bf5 12. Bd3 Ne4 13. Rfc1 Ra7 14. a4 Be6 15. Ba3 f5 16. Bxe7 Qxe7 17. Bb5 Na5 18. Qc2 c6 19. Bf1 g5 20. Rcb1 Bc8 21. Ne5 f4 22. exf4 gxf4 23. f3 Ng5 24. Bd3 Ra8 25. Re1 Qg7 26. Kh1 Kh8 27. Nb3 Nxb3 28. Qxb3 Rg8 29. Qb2 Qc7 30. Qf2 Be6 31. Qh4 Qe7 32. Ng6+ Rxg6 33. Bxg6 Qf6 34. Bxh7 Kg7 35. Bc2 Rh8 36. Qf2 Qh6 37. Qg1 Nf7 38. Rab1 Nd6 39. Re5 Bc8 40. Rbe1 Kf6 41. g4 fxg3 42. Qxg3 Nc4 43. R5e2 Kf7 44. Qc7+ 1-0